Alle Elemente mit B - Statistiken

Allgemein
  • Dieses Quiz wurde 134 mal gespielt
  • Das Durchschnittsergebnis liegt bei 5 aus 8
Antwortstatistiken
Hint Antwort % Korrekt
7 Bor
89%
8 Brom
87%
3 Beryllium
82%
1 Barium
67%
5 Blei
64%
4 Bismut
58%
6 Bohrium
41%
2 Berkelium
38%
Keine übereinstimmenden Quizze gefunden
Verteilung der Resultate
Anzahl Personen mit jedem Resultat
Perzentil nach korrekt beantworteten Fragen
Ihre Resultats-Entwicklung
Sie haben dieses Quiz noch nicht gespielt